| 000 | 01310cam a22003134a 4500 | ||
|---|---|---|---|
| 001 | 13330764 | ||
| 003 | OSt | ||
| 005 | 20240617144319.0 | ||
| 008 | 030902s2003 enka 001 0 eng | ||
| 010 | _a 2003055904 | ||
| 020 | _a0521834481 | ||
| 040 |
_aMUST LIB _cMUST _dMUST |
||
| 042 | _apcc | ||
| 050 | 0 | 0 |
_aQA453 _b.G45 2003 |
| 082 | 0 | 0 |
_a516 _222 _bGIB |
| 100 | 1 |
_aGibson, Christopher G., _d1940- _917371 |
|
| 245 | 1 | 0 |
_aElementary Euclidean geometry : _ban introduction / _cC.G. Gibson. |
| 260 |
_aCambridge ; _aNew York : _bCambridge University Press, _c2003. |
||
| 300 |
_axvi, 174 p. : _bill. ; _c24 cm. |
||
| 500 | _aIncludes index. | ||
| 650 | 0 |
_aGeometry. _912062 |
|
| 856 | 4 | 1 |
_3Sample text _uhttp://www.loc.gov/catdir/samples/cam041/2003055904.html |
| 856 | 4 | 2 |
_3Publisher description _uhttp://www.loc.gov/catdir/description/cam041/2003055904.html |
| 856 | 4 | 1 |
_3Table of contents _uhttp://www.loc.gov/catdir/toc/cam041/2003055904.html |
| 856 | 4 | 2 |
_3Contributor biographical information _uhttp://www.loc.gov/catdir/enhancements/fy1007/2003055904-b.html |
| 906 |
_a7 _bcbc _corignew _d1 _eocip _f20 _gy-gencatlg |
||
| 942 |
_2z _cBOOK |
||
| 999 |
_c8560 _d8560 |
||